| 000 | 00622cam a2200241 4500 | ||
|---|---|---|---|
| 001 | J95071 | ||
| 008 | 090401t1996 xxu||||| |||| 00| 0 eng d | ||
| 035 | _a(Sirsi) u89711 | ||
| 041 | _aeng | ||
| 050 | _a333.336 | ||
| 110 |
_aDTZ Debenham Thorpe _92895 |
||
| 245 | 4 | _aThe distribution sector : drivers of change. | |
| 260 |
_aLondon _bDTZ Debenham Thorpe _c1996 |
||
| 300 | _a4p. ; 30cm. | ||
| 350 | _a0 | ||
| 490 | _aSpecial Report | ||
| 650 | _aDISTRIBUTION CENTRES | ||
| 650 | _aHIGH BAY WAREHOUSES | ||
| 650 | _aWAREHOUSES | ||
| 690 | _aPROPERTY-COMMERCIAL PROPERTY | ||
| 942 | _n0 | ||
| 948 | _c16/11/1998 | ||
| 999 |
_c97496 _d97496 |
||